| 000 | 00814nam a22003017a 4500 | ||
|---|---|---|---|
| 005 | 20240717130711.0 | ||
| 008 | 160520b2012 CR ||||| |||| 00| 0 spa d | ||
| 020 | _a978996892772 | ||
| 041 | _aESP | ||
| 082 | _a582.167.286 M778a | ||
| 100 |
_aMorales Quirós, Juan Francisco _9887 |
||
| 100 |
_aMontero Solis, Marco Vinicio _99948 |
||
| 100 |
_aCastillo Castillo, Álvaro _99949 |
||
| 100 |
_aRosa Vargas, Carlos _99950 |
||
| 245 | _aÁrboles y arbustos: para uso urbano en el Valle Central | ||
| 260 | _aCosta Rica | ||
| 260 | _bINBio | ||
| 260 | _c2012 | ||
| 300 | _a256 páginas | ||
| 505 | _aIncluye fotografías e ilustraciones | ||
| 650 | _aÁRBOLES | ||
| 650 | _aPLANTAS | ||
| 650 | _aBOTÁNICA | ||
| 650 | _aECOLOGÍA | ||
| 650 | _aVALLE CENTRAL | ||
| 942 |
_cBK _2ddc |
||
| 999 |
_c8108 _d8108 |
||